[Event "Masters Tournament (MTO)"]
[Site "Biel, CH"]
[Date "2025.07.16"]
[Round "3"]
[White "Jordan, Theodor"]
[Black "Oestmann, Lukas"]
[Result "1/2-1/2"]
[Board "51"]
[WhiteFideId "1353152"]
[BlackFideId "1326457"]
[WhiteElo "1934"]
[BlackElo "2007"]
[WhiteTeam "SUI"]
[BlackTeam "SUI"]
[WhiteClock "1:04:51"]
[BlackClock "0:06:18"]
[Variant "Standard"]

1. e4 {[%clk 1:40:57]}  c5 {[%clk 1:40:52]} 2. Nf3 {[%clk 1:41:24]}  e6 {[%clk 1:41:18]} 3. a3 {[%clk 1:41:50]}  b6 {[%clk 1:38:16]} 4. Nc3 {[%clk 1:41:33]}  a6 {[%clk 1:36:52]} 5. d4 {[%clk 1:41:44]}  cxd4 {[%clk 1:36:26]} 6. Nxd4 {[%clk 1:41:38]}  Qc7 {[%clk 1:37:12]} 7. Be2 {[%clk 1:40:29]}  Nf6 {[%clk 1:35:52]} 8. O-O {[%clk 1:37:53]}  Bb7 {[%clk 1:36:09]} 9. Bf3 {[%clk 1:37:36]}  d6 {[%clk 1:35:52]} 10. g3 {[%clk 1:37:18]}  Be7 {[%clk 1:34:50]} 11. Re1 {[%clk 1:35:10]}  Nbd7 {[%clk 1:34:51]} 12. Bg2 {[%clk 1:34:22]}  O-O {[%clk 1:33:46]} 13. Qe2 {[%clk 1:29:26]}  Rac8 {[%clk 1:32:03]} 14. Bh3 {[%clk 1:26:45]}  Qc4 {[%clk 1:17:45]} 15. Qxc4 {[%clk 1:25:17]}  Rxc4 {[%clk 1:18:10]} 16. Nxe6 {[%clk 1:25:40]}  Ne5 {[%clk 1:02:37]} 17. Nxf8 {[%clk 1:23:19]}  Nf3+ {[%clk 1:02:51]} 18. Kf1 {[%clk 1:23:40]}  Nxe1 {[%clk 1:03:17]} 19. Kxe1 {[%clk 1:23:40]}  Kxf8 {[%clk 1:02:40]} 20. f3 {[%clk 1:23:12]}  d5 {[%clk 1:00:25]} 21. e5 {[%clk 1:21:29]}  Ne8 {[%clk 1:00:17]} 22. Bf1 {[%clk 1:20:19]}  Rc8 {[%clk 0:58:51]} 23. Bd3 {[%clk 1:20:08]}  Nc7 {[%clk 0:54:08]} 24. Be3 {[%clk 1:17:36]}  b5 {[%clk 0:53:35]} 25. Bf5 {[%clk 1:15:02]}  Ne6 {[%clk 0:52:28]} 26. Bxe6 {[%clk 1:14:59]}  fxe6 {[%clk 0:51:59]} 27. Bd4 {[%clk 1:14:55]}  a5 {[%clk 0:46:11]} 28. Kd2 {[%clk 1:14:15]}  b4 {[%clk 0:35:59]} 29. axb4 {[%clk 1:11:57]}  Bxb4 {[%clk 0:36:22]} 30. Kd1 {[%clk 1:06:46]}  Bxc3 {[%clk 0:22:59]} 31. Bxc3 {[%clk 1:06:47]}  d4 {[%clk 0:23:25]} 32. Bxd4 {[%clk 1:06:40]}  Bxf3+ {[%clk 0:23:49]} 33. Kd2 {[%clk 1:06:46]}  Be4 {[%clk 0:23:06]} 34. Bc3 {[%clk 1:04:56]}  Rd8+ {[%clk 0:22:37]} 35. Ke3 {[%clk 1:03:18]}  Bxc2 {[%clk 0:22:27]} 36. Rxa5 {[%clk 1:03:43]}  Kf7 {[%clk 0:20:39]} 37. Ra7+ {[%clk 1:02:37]}  Kg6 {[%clk 0:20:14]} 38. Bd4 {[%clk 1:02:43]}  Rb8 {[%clk 0:19:38]} 39. Rd7 {[%clk 1:01:21]}  Bb3 {[%clk 0:16:41]} 40. Bc3 {[%clk 1:01:30]}  Rb5 {[%clk 0:15:29]} 41. Kf4 {[%clk 1:01:30]}  h5 {[%clk 0:15:08]} 42. h4 {[%clk 1:01:16]}  Rb8 {[%clk 0:14:56]} 43. Rd4 {[%clk 1:01:25]}  Bd5 {[%clk 0:11:48]} 44. Ke3 {[%clk 1:00:00]}  Rf8 {[%clk 0:07:52]} 45. Rf4 {[%clk 0:58:58]}  Rxf4 {[%clk 0:07:50]} 46. Kxf4 {[%clk 0:59:26]}  Kf7 {[%clk 0:08:07]} 47. b4 {[%clk 0:59:25]}  Bc6 {[%clk 0:07:15]} 48. Kg5 {[%clk 0:59:47]}  g6 {[%clk 0:07:35]} 49. Bd4 {[%clk 1:00:10]}  Bb5 {[%clk 0:06:56]} 50. Bc5 {[%clk 1:00:39]}  Bd3 {[%clk 0:05:55]} 51. Bd6 {[%clk 1:01:01]}  Be2 {[%clk 0:04:00]} 52. Kf4 {[%clk 1:01:17]}  Ke8 {[%clk 0:03:15]} 53. Ke3 {[%clk 1:01:46]}  Bf1 {[%clk 0:03:29]} 54. Kd4 {[%clk 1:02:12]}  Kd7 {[%clk 0:03:54]} 55. Kc5 {[%clk 1:02:36]}  Kc8 {[%clk 0:04:02]} 56. Kb6 {[%clk 1:02:39]}  Bg2 {[%clk 0:04:17]} 57. b5 {[%clk 1:02:51]}  Bf3 {[%clk 0:04:36]} 58. Ka7 {[%clk 1:02:49]}  Be4 {[%clk 0:04:51]} 59. b6 {[%clk 1:03:11]}  Bf3 {[%clk 0:05:15]} 60. Ka6 {[%clk 1:03:31]}  Bg2 {[%clk 0:05:37]} 61. Bc7 {[%clk 1:03:58]}  Bf3 {[%clk 0:05:56]} 62. Kb5 {[%clk 1:04:25]}  Kb7 {[%clk 0:06:18]} 63. Kc5 {[%clk 1:04:51]}  Bg4 {[%clk 0:06:18]} 1/2-1/2

[Event "Masters Tournament (MTO)"]
[Site "Biel, CH"]
[Date "2025.07.16"]
[Round "3"]
[White "He, Junchen"]
[Black "Trubini, Timon"]
[Result "*"]
[Board "52"]
[WhiteFideId "8642427"]
[BlackFideId "1347799"]
[WhiteElo "2007"]
[BlackElo "1922"]
[WhiteTeam "CHN"]
[BlackTeam "SUI"]
[WhiteClock "0:06:41"]
[BlackClock "0:20:34"]
[Variant "Standard"]

1. d4 {[%clk 1:39:54]}  e6 {[%clk 1:40:48]} 2. Nf3 {[%clk 1:40:10]}  d5 {[%clk 1:41:11]} 3. Bf4 {[%clk 1:40:32]}  c5 {[%clk 1:41:34]} 4. e3 {[%clk 1:40:44]}  Nf6 {[%clk 1:41:55]} 5. c3 {[%clk 1:40:53]}  Bd6 {[%clk 1:42:16]} 6. Bg3 {[%clk 1:40:21]}  O-O {[%clk 1:42:11]} 7. Bd3 {[%clk 1:32:47]}  Qc7 {[%clk 1:40:03]} 8. Nbd2 {[%clk 1:32:37]}  Nbd7 {[%clk 1:40:08]} 9. O-O {[%clk 1:27:41]}  Bxg3 {[%clk 1:40:22]} 10. hxg3 {[%clk 1:28:01]}  b6 {[%clk 1:40:46]} 11. e4 {[%clk 1:21:46]}  dxe4 {[%clk 1:32:56]} 12. Nxe4 {[%clk 1:22:03]}  Bb7 {[%clk 1:32:27]} 13. Qe2 {[%clk 1:20:51]}  Rfd8 {[%clk 1:25:15]} 14. Rfe1 {[%clk 1:10:49]}  Bxe4 {[%clk 1:17:40]} 15. Bxe4 {[%clk 1:10:50]}  Nxe4 {[%clk 1:17:58]} 16. Qxe4 {[%clk 1:11:11]}  Nf6 {[%clk 1:17:43]} 17. Qh4 {[%clk 0:59:57]}  h5 {[%clk 1:12:40]} 18. Rad1 {[%clk 0:55:41]}  Rd5 {[%clk 1:09:03]} 19. Rd2 {[%clk 0:37:09]}  Rad8 {[%clk 1:06:17]} 20. Red1 {[%clk 0:36:46]}  cxd4 {[%clk 1:04:04]} 21. Rxd4 {[%clk 0:35:28]}  Rxd4 {[%clk 0:52:04]} 22. Rxd4 {[%clk 0:35:08]}  e5 {[%clk 0:52:23]} 23. Nxe5 {[%clk 0:26:47]}  Re8 {[%clk 0:45:42]} 24. Nf3 {[%clk 0:19:12]}  Re2 {[%clk 0:44:42]} 25. Rd2 {[%clk 0:12:30]}  Qe7 {[%clk 0:36:56]} 26. Kf1 {[%clk 0:12:33]}  Re4 {[%clk 0:35:57]} 27. Qg5 {[%clk 0:12:19]}  g6 {[%clk 0:30:18]} 28. Qb5 {[%clk 0:07:51]}  Qe6 {[%clk 0:27:55]} 29. b3 {[%clk 0:07:29]}  Qc8 {[%clk 0:22:40]} 30. Qd3 {[%clk 0:06:52]}  Kg7 {[%clk 0:21:53]} 31. c4 {[%clk 0:06:41]}  Re7 {[%clk 0:20:34]} *

[Event "Masters Tournament (MTO)"]
[Site "Biel, CH"]
[Date "2025.07.16"]
[Round "3"]
[White "Jelicic, Hugo"]
[Black "Pisan, Kai"]
[Result "*"]
[Board "53"]
[WhiteFideId "1349040"]
[BlackFideId "39904881"]
[WhiteElo "1908"]
[BlackElo "1995"]
[WhiteTeam "SUI"]
[BlackTeam "USA"]
[WhiteClock "0:14:44"]
[BlackClock "0:06:02"]
[Variant "Standard"]

1. c4 {[%clk 1:40:57]}  e5 {[%clk 1:39:32]} 2. Nc3 {[%clk 1:41:20]}  Nf6 {[%clk 1:39:58]} 3. Nf3 {[%clk 1:41:44]}  Nc6 {[%clk 1:40:11]} 4. g3 {[%clk 1:42:08]}  d5 {[%clk 1:40:38]} 5. cxd5 {[%clk 1:42:33]}  Nxd5 {[%clk 1:41:05]} 6. Bg2 {[%clk 1:42:57]}  Nb6 {[%clk 1:41:26]} 7. O-O {[%clk 1:43:20]}  Be7 {[%clk 1:41:43]} 8. b3 {[%clk 1:43:17]}  O-O {[%clk 1:41:05]} 9. Bb2 {[%clk 1:43:33]}  Be6 {[%clk 1:40:34]} 10. Rc1 {[%clk 1:42:50]}  f6 {[%clk 1:40:25]} 11. Ne4 {[%clk 1:38:25]}  Nd7 {[%clk 1:33:50]} 12. d3 {[%clk 1:23:10]}  a5 {[%clk 1:31:22]} 13. h4 {[%clk 1:17:58]}  a4 {[%clk 1:30:07]} 14. bxa4 {[%clk 1:13:36]}  Bxa2 {[%clk 1:23:36]} 15. Qc2 {[%clk 1:10:19]}  Bf7 {[%clk 1:18:41]} 16. Rfd1 {[%clk 0:58:24]}  Bd6 {[%clk 1:10:21]} 17. Bc3 {[%clk 0:44:08]}  Nb6 {[%clk 1:01:55]} 18. Ra1 {[%clk 0:41:34]}  Na5 {[%clk 0:52:38]} 19. Rdb1 {[%clk 0:38:05]}  Be7 {[%clk 0:49:50]} 20. Rb5 {[%clk 0:33:50]}  Nc6 {[%clk 0:23:48]} 21. a5 {[%clk 0:32:55]}  Nd5 {[%clk 0:23:00]} 22. Rxb7 {[%clk 0:31:46]}  Ra6 {[%clk 0:22:42]} 23. Bd2 {[%clk 0:28:09]}  Qa8 {[%clk 0:20:22]} 24. Rb5 {[%clk 0:24:35]}  Ndb4 {[%clk 0:10:51]} 25. Bxb4 {[%clk 0:23:15]}  Nxb4 {[%clk 0:11:09]} 26. Qxc7 {[%clk 0:17:09]}  Ra7 {[%clk 0:11:33]} 27. Qc3 {[%clk 0:16:45]}  Rc8 {[%clk 0:11:24]} 28. Qd2 {[%clk 0:14:19]}  Rc2 {[%clk 0:06:02]} 29. Qd1 {[%clk 0:14:44]} *

[Event "Masters Tournament (MTO)"]
[Site "Biel, CH"]
[Date "2025.07.16"]
[Round "3"]
[White "Hornung, Hans, Dr."]
[Black "Arulanantham, Aneet"]
[Result "*"]
[Board "54"]
[WhiteFideId "4615140"]
[BlackFideId "1335189"]
[WhiteElo "1905"]
[BlackElo "1985"]
[WhiteTeam "GER"]
[BlackTeam "SUI"]
[WhiteClock "0:14:27"]
[BlackClock "0:17:37"]
[Variant "Standard"]

1. e4 {[%clk 1:40:55]}  c6 {[%clk 1:40:16]} 2. c4 {[%clk 1:41:15]}  d5 {[%clk 1:40:39]} 3. exd5 {[%clk 1:41:27]}  cxd5 {[%clk 1:41:02]} 4. cxd5 {[%clk 1:41:49]}  Nf6 {[%clk 1:41:25]} 5. Nc3 {[%clk 1:41:54]}  Nxd5 {[%clk 1:41:40]} 6. Nf3 {[%clk 1:42:10]}  Nc6 {[%clk 1:41:19]} 7. Bb5 {[%clk 1:42:06]}  e6 {[%clk 1:38:57]} 8. O-O {[%clk 1:42:05]}  Be7 {[%clk 1:38:43]} 9. d4 {[%clk 1:41:52]}  O-O {[%clk 1:38:40]} 10. Re1 {[%clk 1:36:29]}  Bf6 {[%clk 1:37:10]} 11. Ne4 {[%clk 1:34:20]}  Be7 {[%clk 1:33:30]} 12. a3 {[%clk 1:32:11]}  Nf6 {[%clk 1:27:37]} 13. Nc3 {[%clk 1:25:39]}  a6 {[%clk 1:21:38]} 14. Bxc6 {[%clk 1:17:08]}  bxc6 {[%clk 1:22:06]} 15. Ne5 {[%clk 1:17:03]}  Qc7 {[%clk 1:17:14]} 16. Bf4 {[%clk 1:08:03]}  Bd6 {[%clk 1:15:20]} 17. Rc1 {[%clk 1:07:56]}  Bb7 {[%clk 1:13:33]} 18. Na4 {[%clk 1:07:19]}  Nd5 {[%clk 1:11:55]} 19. Bg3 {[%clk 1:06:56]}  Rac8 {[%clk 1:08:20]} 20. Nc5 {[%clk 1:06:25]}  Bxc5 {[%clk 1:00:07]} 21. Rxc5 {[%clk 1:06:21]}  Rfd8 {[%clk 0:58:05]} 22. Nxc6 {[%clk 1:00:38]}  Qxc6 {[%clk 0:58:32]} 23. Rxc6 {[%clk 1:00:46]}  Rxc6 {[%clk 0:56:13]} 24. h4 {[%clk 0:59:54]}  Ne7 {[%clk 0:49:55]} 25. Qb3 {[%clk 0:52:11]}  Ba8 {[%clk 0:49:19]} 26. Rd1 {[%clk 0:49:22]}  Nf5 {[%clk 0:46:30]} 27. Bf4 {[%clk 0:41:32]}  Rcc8 {[%clk 0:42:10]} 28. Be3 {[%clk 0:39:55]}  Bd5 {[%clk 0:39:11]} 29. Qd3 {[%clk 0:37:04]}  Bc4 {[%clk 0:34:11]} 30. Qb1 {[%clk 0:34:45]}  a5 {[%clk 0:29:08]} 31. b3 {[%clk 0:33:03]}  Bd5 {[%clk 0:25:06]} 32. Bd2 {[%clk 0:27:36]}  Nxd4 {[%clk 0:20:57]} 33. Bxa5 {[%clk 0:27:18]}  Ne2+ {[%clk 0:18:11]} 34. Kf1 {[%clk 0:22:17]}  Nc3 {[%clk 0:18:24]} 35. Bxc3 {[%clk 0:22:16]}  Rxc3 {[%clk 0:18:52]} 36. Kg1 {[%clk 0:16:44]}  Rb8 {[%clk 0:17:56]} 37. b4 {[%clk 0:14:27]}  Rxa3 {[%clk 0:17:37]} *

[Event "Masters Tournament (MTO)"]
[Site "Biel, CH"]
[Date "2025.07.16"]
[Round "3"]
[White "Marcenaro, Alessandro"]
[Black "Aryan Goyal"]
[Result "*"]
[Board "55"]
[WhiteFideId "28554094"]
[BlackFideId "366108825"]
[WhiteElo "2160"]
[BlackElo "1906"]
[WhiteTeam "ITA"]
[BlackTeam "IND"]
[WhiteClock "0:14:15"]
[BlackClock "0:13:15"]
[Variant "Standard"]

1. e4 {[%clk 1:40:42]}  e5 {[%clk 1:40:34]} 2. Nf3 {[%clk 1:39:35]}  Nc6 {[%clk 1:40:41]} 3. Nc3 {[%clk 1:39:50]}  Nf6 {[%clk 1:41:09]} 4. Bb5 {[%clk 1:40:05]}  Bb4 {[%clk 1:40:59]} 5. O-O {[%clk 1:40:15]}  O-O {[%clk 1:40:50]} 6. d3 {[%clk 1:39:56]}  d6 {[%clk 1:40:48]} 7. Bg5 {[%clk 1:39:46]}  Bxc3 {[%clk 1:40:57]} 8. bxc3 {[%clk 1:39:11]}  Qe7 {[%clk 1:39:41]} 9. Re1 {[%clk 1:37:32]}  Nd8 {[%clk 1:40:39]} 10. d4 {[%clk 1:35:04]}  Ne6 {[%clk 1:40:20]} 11. Bc1 {[%clk 1:34:58]}  c5 {[%clk 1:35:59]} 12. d5 {[%clk 1:30:12]}  Nc7 {[%clk 1:29:38]} 13. Bd3 {[%clk 1:25:29]}  h6 {[%clk 1:18:44]} 14. a4 {[%clk 1:09:35]}  Bg4 {[%clk 1:26:49]} 15. h3 {[%clk 1:08:33]}  Bh5 {[%clk 1:25:51]} 16. g4 {[%clk 1:00:58]}  Bg6 {[%clk 1:21:52]} 17. Nh4 {[%clk 0:56:55]}  Nh7 {[%clk 1:13:29]} 18. Ng2 {[%clk 0:47:24]}  Nf6 {[%clk 0:54:15]} 19. Qf3 {[%clk 0:42:32]}  Nce8 {[%clk 0:41:08]} 20. Ne3 {[%clk 0:38:02]}  Nh7 {[%clk 0:34:37]} 21. Qg3 {[%clk 0:35:39]}  h5 {[%clk 0:27:40]} 22. gxh5 {[%clk 0:26:10]}  Bxh5 {[%clk 0:27:30]} 23. Nf5 {[%clk 0:26:30]}  Qf6 {[%clk 0:27:10]} 24. f4 {[%clk 0:23:24]}  Kh8 {[%clk 0:24:19]} 25. fxe5 {[%clk 0:22:40]}  dxe5 {[%clk 0:24:13]} 26. Rb1 {[%clk 0:20:55]}  b6 {[%clk 0:22:20]} 27. a5 {[%clk 0:20:02]}  Rb8 {[%clk 0:22:13]} 28. Rf1 {[%clk 0:17:59]}  Qg6 {[%clk 0:20:16]} 29. Be3 {[%clk 0:17:33]}  Nc7 {[%clk 0:18:38]} 30. Rb2 {[%clk 0:14:22]}  Nf6 {[%clk 0:17:03]} 31. Rfb1 {[%clk 0:14:15]}  c4 {[%clk 0:13:15]} *